An anthology of continental literature (13th century-20th century) (Record no. 9250)
[ view plain ]
| 000 -LEADER | |
|---|---|
| fixed length control field | 00686nam a22002177a 4500 |
| 003 - CONTROL NUMBER IDENTIFIER | |
| control field | OSt |
| 005 - DATE AND TIME OF LATEST TRANSACTION | |
| control field | 20260318010249.0 |
| 008 - FIXED-LENGTH DATA ELEMENTS--GENERAL INFORMATION | |
| fixed length control field | 260318b |||||||| |||| 00| 0 eng d |
| 020 ## - INTERNATIONAL STANDARD BOOK NUMBER | |
| International Standard Book Number | 971-506-081-1. |
| 040 ## - CATALOGING SOURCE | |
| Original cataloging agency | DWCL Main lib |
| Transcribing agency | OC |
| 082 ## - DEWEY DECIMAL CLASSIFICATION NUMBER | |
| Edition number | Rev. ed. |
| Classification number | Fil. 808.8 G216a 1993 |
| 100 ## - MAIN ENTRY--PERSONAL NAME | |
| Personal name | Garcia, Carolina U. |
| 245 ## - TITLE STATEMENT | |
| Title | An anthology of continental literature (13th century-20th century) |
| Statement of responsibility, etc. | Garcia, Carolina U. |
| 250 ## - EDITION STATEMENT | |
| Edition statement | Rev. ed. |
| 260 ## - PUBLICATION, DISTRIBUTION, ETC. | |
| Place of publication, distribution, etc. | Manila : |
| Name of publisher, distributor, etc. | UST Publishing House, |
| Date of publication, distribution, etc. | c1993. |
| 300 ## - PHYSICAL DESCRIPTION | |
| Extent | x, 209 p. ; |
| Dimensions | 22 cm. |
| 650 ## - SUBJECT ADDED ENTRY--TOPICAL TERM | |
| Topical term or geographic name entry element | 1. Literature-Collections. |
| 700 ## - ADDED ENTRY--PERSONAL NAME | |
| Personal name | Piedad G. Rosales |
| 700 ## - ADDED ENTRY--PERSONAL NAME | |
| Personal name | Ophelia A. Dimalanta |
| 942 ## - ADDED ENTRY ELEMENTS (KOHA) | |
| Source of classification or shelving scheme | Dewey Decimal Classification |
| Koha item type | Book-Filipiniana |
| Edition | Rev ed. |
| Call number prefix | Fil. |
| Suppress in OPAC | No |
| 952 ## - LOCATION AND ITEM INFORMATION (KOHA) | |
| -- | |
| Withdrawn status | Lost status | Source of classification or shelving scheme | Damaged status | Not for loan | Home library | Current library | Shelving location | Date acquired | Source of acquisition | Cost, normal purchase price | Total Checkouts | Full call number | Barcode | Date last seen | Copy number | Price effective from | Koha item type | Uniform Resource Identifier |
|---|---|---|---|---|---|---|---|---|---|---|---|---|---|---|---|---|---|---|
| Dewey Decimal Classification | College Library | College Library | Filipiniana | 06/18/2007 | Donation | 0.00 | Fil. 808.8 G216a 1993 | CL44806 | 03/18/2026 | c1 | 03/18/2026 | BK - FIL |